[Event "Vlissingen HZ op 02nd"]
[Site "Vlissingen"]
[Date "1998.07.14"]
[Round "4"]
[White "Peek, Marcel"]
[Black "Golod, Vitali"]
[Result "0-1"]
[WhiteElo "2335"]
[BlackElo "2555"]
[Annotator "Golod,V"]
[PlyCount "132"]
[EventDate "1998.07.??"]
[EventType "swiss"]
[EventRounds "7"]
[EventCountry "NED"]
[SourceTitle "CBM 066"]
[Source "ChessBase"]
[SourceDate "1998.09.30"]
[SourceVersion "1"]
[SourceVersionDate "1998.09.30"]
[SourceQuality "1"]

1. d4 Nf6 2. c4 e6 3. Nf3 d5 4. Nc3 c5 5. cxd5 Nxd5 6. e4 Nxc3 7. bxc3 cxd4 8.
cxd4 Bb4+ 9. Bd2 Bxd2+ 10. Qxd2 O-O 11. Bc4 $5 (11. Rd1 $143 $5) (11. Be2 $143
$5) 11... Nc6 12. O-O b6 13. Rad1 (13. Rac1 $5 Bb7 (13... Na5 $5 14. Bd3 Bb7
$14) 14. d5 $1 exd5 $8 (14... Na5 $2 15. dxe6 $1 Nxc4 16. Qxd8 Rfxd8 (16...
Raxd8 $4 17. e7 $18) 17. exf7+ Kxf7 (17... Kf8 $2 18. Rxc4 $140 Ba6 $2 19. Rc7
Bxf1 20. Ng5 $1 $18 {[%csl Rf8][%cal Gg5h7]}) (17... Kh8 $2 18. Rxc4 Ba6 19.
Rc7 Bxf1 20. Kxf1 $18) 18. Rxc4 Rac8 (18... Ba6 $2 19. Rc7+ $16) 19. Rxc8 Rxc8
{+/=/+/-}) 15. Bxd5 $14 Rc8 16. Rc3 Na5 17. Rd3 Bxd5 18. Rxd5 Qe7 19. e5 Rcd8
20. Rd1 Nb7 21. Qe2 Rxd5 22. Rxd5 Rd8 23. Rxd8+ Nxd8 {1/2-1/2 Hergott,D-Taylor,
G/CAN-ch 1996}) 13... Bb7 (13... Na5 $5 14. Bd3 Bb7 15. Qf4 Qf6 16. Qe3 Qe7 17.
e5 Bxf3 18. Qxf3 Rac8 19. d5 exd5 20. Qxd5 Rfd8 21. Qe4 g6 $11 {1/2-1/2
Nikolic,P-Piket,J/Amber Rapid, Monte Carlo MON 1998 (39)}) 14. Qf4 $5 (14. Rfe1
$142 $5 Rc8 15. d5 Na5 16. Bd3 Qe7 $1 17. Qf4 Rfd8 18. Bb1 Nc4 19. Nd4 e5 20.
Nf5 Qf6 21. Qg3 {1/2-1/2 Tyomkin,D-Golod,V/ISR-chT 1996}) 14... Qf6 $1 (14...
Rc8 $143 15. d5 exd5 16. Bxd5 $14 {Reinhardt,E-Tautvaisas,P/Buenos Aires ol
f-A 1939/1-0 (72)}) (14... Qb8 $143 15. Qh4 Qd8 16. Qh3 Nb4 17. a3 Ba6 18. Bxe6
$5 $13 {1-0 Dydyshko,V-Michenka,J/Ostrava op 1992 (40)}) (14... Na5 15. Bd3 Qf6
16. Qg3 Qe7 17. d5 Rad8 18. e5 Bxd5 19. Bxh7+ Kxh7 20. Ng5+ Kg8 21. Rxd5 Rxd5
22. Qh4 Qxg5 23. Qxg5 Nc6 24. Re1 Nxe5 {1/2-1/2 Khenkin,I-Sher,M/Geneve op 1995
}) 15. Qg3 $5 (15. Qe3 Rac8 $5 (15... Rfd8 $5 16. e5 Qh6 17. Ng5 Nb4 18. f4
Rac8 19. Rc1 Bd5 20. Bxd5 Nxd5 21. Qf3 g6 22. g3 Qf8 $11 {1/2-1/2 Rausis,
I-Zhuravliov,V/Daugavpils 1990 (40)}) (15... Na5 $5 16. Bd3 Qe7 17. Rfe1 h6 18.
Ne5 Rfd8 19. Nc4 Nxc4 20. Bxc4 Rac8 21. Bb3 Rc7 22. Rd2 Qb4 23. Red1 Rc3 24.
Rd3 Rxd3 25. Qxd3 $11 {0-1 Loureiro,L-Lima,D/BRA-ch 1996 (54)}) 16. Rfe1 Rfd8
17. d5 Na5 18. Bd3 e5 19. Rc1 Qd6 20. Nh4 g6 21. Qg5 Rxc1 22. Rxc1 Rc8 23.
Rxc8+ Bxc8 24. Nf3 f6 25. Qc1 Bd7 26. Qc3 Nb7 27. Nd2 Qc5 28. Qxc5 Nxc5 $15 {
Shapi,L-Averbakh,Y/Szcawno Zdroj 1950/0-1 (58)}) (15. Qc7 $5 Na5 (15... Qe7 $5
16. Qxe7 Nxe7 17. d5 exd5 18. exd5 Nf5 19. d6 Bxf3 20. gxf3 Rfd8 21. d7 a6 $1
$10) 16. Bd3 h6 (16... Rac8 $5 17. Qg3 Nc4 18. e5 Qh6 19. Ng5 g6 $13) 17. Qg3
Rfd8 18. d5 $1 exd5 19. e5 Qe7 20. Rfe1 (20. Nd4 Qg5 $1) 20... Nc4 21. h4 (21.
Bb1 $1 {/\ Rd4}) 21... Nb2 22. Nd4 Nxd1 23. Nf5 Qf8 24. e6 $1 (24. Rxd1 Kh8 $13
) 24... fxe6 25. Rxe6 Re8 26. Qg6 $13 {1/2-1/2 Lputian,S-Cifuentes Parada,R/
Wijk op 1993 (41)} (26. Nxh6+ Kh8 27. Qg6 Qxf2+ 28. Kh2 Qxh4+ $10)) 15... Rac8
$5 (15... Rfd8 $143 16. d5 Na5 17. Bd3 exd5 18. e5 $36) 16. d5 $5 $13 (16. e5
$6 Qg6 $5 (16... Qh6 $5 {[%csl Rd5][%cal Gc6b4]})) 16... Nb4 $1 (16... Ne7 $6
17. e5 $1 (17. d6 $2 Rxc4 18. e5 Nf5 19. exf6 Nxg3 20. hxg3 gxf6 $17) 17... Qg6
(17... Qh6 18. d6 $36) 18. d6 Rxc4 19. dxe7 Re8 (19... Rg4 $2 20. Rd8 $18) 20.
Rd8 Rc8 $14) (16... Na5 $6 17. Bd3 exd5 18. e5 $36) 17. Bb3 $6 $146 (17. Rd4
$143 exd5 18. exd5 Nc2 {1/2-1/2 Akopian,V-Ribli,Z/Groningen PCA 1993}) 17...
exd5 18. exd5 Ba6 $5 (18... Rc5 $142 $1 19. d6 $140 Rf5 20. Nh4 $8 (20. d7 $4
Bxf3 21. Rd6 (21. gxf3 Rg5 $19) 21... Qe7 $19) (20. Qh4 $4 Rxf3 $1 (20... Bxf3
$2 21. Qxf6 Rxf6 22. gxf3 $13) 21. Qxb4 $8 Rf4 $1 22. Qd2 Bxg2 $1 $19) (20. Kh1
$2 Bxf3 21. gxf3 Rxf3 {/\Nd3;><f2-/+}) 20... Rg5 (20... Rf4 $5) 21. Qe3 (21.
Qh3 $2 Rh5 22. g3 Bf3 $1 23. Rde1 Qxd6 $17) 21... Nd5 $1 {><d6} 22. Bxd5 Rxd5
$15) (18... Rc3 $5 $13) 19. Rfe1 Nd3 20. Re4 {><f4} (20. Re3 Nc1 $5 $11) 20...
Nc1 $1 {[%csl Rb3,Re2][%cal Gc1e2,Gc1b3]} 21. Nd4 Nxb3 $5 (21... Bd3 $5 22. Rf4
(22. Rxd3 $143 Nxb3 {[%csl Rg1]} 23. h3 Rc1+ 24. Kh2 Nc5 25. Rf4 $13) 22...
Qxd4 23. Rxd4 Ne2+ 24. Kh1 Nxg3+ 25. hxg3 Bc2 $1 $11) 22. Nxb3 $6 (22. axb3
$142 Bb7 $1 23. Rf4 Qe5 24. d6 $5 $13 (24. Rxf7 $6 Qxg3 25. Rxf8+ Kxf8 26. hxg3
(26. Ne6+ Ke7 27. hxg3 Bxd5 $15) 26... Bxd5 $15)) 22... Bb7 $15 23. Red4 (23.
Rf4 Qb2 $5 $15) 23... Rfd8 (23... Rc2 $5) 24. d6 Rd7 25. h3 g6 (25... Re8 $143
26. Rc1 $1 {[%cal Gc1c7]}) 26. Kh2 Re8 {/\Re5(Re6;><d6) -Rg5;><g2} 27. Nc1 Re5
28. f3 Re6 29. R1d2 Kg7 30. Nb3 (30. Ne2 $4 Rxe2 $1 31. Rxe2 Qxd4 $19) 30... h5
(30... Qe5 $5 {><d6}) 31. h4 Kg8 $5 {/\Re5,Qe6,Rd5;><d6} (31... Qe5 $5) 32. a4
$6 $138 Re5 33. Rf4 Qe6 $138 34. Rfd4 (34. Nd4 $2 Qxd6 $17 {[%csl Rd2]}) 34...
Rd5 $1 (34... Bd5 $2 35. Nc1 $1 Rxd6 (35... Qxd6 $4 36. Nd3 Rf5 37. Qxd6 Rxd6
38. Nb4 $18) 36. Nd3 Rf5 37. Nf4 Qd7 38. Rxd5 Rfxd5 39. Rxd5 Rxd5 40. Nxd5 Qxd5
41. Qb8+ Kg7 42. Qxa7 $11) 35. Rxd5 Bxd5 36. Nd4 $8 Qxd6 37. Qxd6 Rxd6 38. Nb5
Rd7 39. Nxa7 Be6 $1 {[%csl Ra7,Rd2]} (39... Rxa7 $2 40. Rxd5 Rxa4 41. Rb5 $1 (
41. Kg3 $2 Ra8 $17) 41... Ra6 (41... Rxh4+ 42. Kg3 Rd4 43. Rxb6 $11) 42. g4 $1
$15) 40. Rxd7 $8 Bxd7 41. Kg3 $2 $138 (41. Nb5 $3 Bxb5 (41... Kf8 $143 42. Kg3
Ke7 43. Kf4 f6 44. Ke4 $11) 42. axb5 Kf8 43. Kg3 Ke7 44. Kf4 Kd6 45. Kg5 (45.
g4 $142 $1 Kc5 46. gxh5 gxh5 47. Kg5 Kxb5 48. Kxh5 Kc4 49. Kg5 b5 50. h5 b4 51.
h6 b3 52. h7 b2 53. h8=Q b1=Q 54. Qc8+ Kd4 55. Qd7+ Ke3 56. Qxf7 Qg1+ $11)
45... Kc5 46. Kf6 (46. g4 $1 {see 45.g4}) 46... Kxb5 47. Kxf7 Ka4 $1 (47... Kc4
$143 {[%csl Rc4,Yg8][%cal Gg8c4]}) 48. g4 $3 (48. Kxg6 $4 b5 49. g4 hxg4 $3 (
49... b4 $4 50. g5 $1 b3 51. Kh6 $1 (51. Kf7 $4 b2 52. g6 b1=Q 53. g7 Qf5+ 54.
Ke7 Qg6 55. Kf8 Qf6+ 56. Kg8 Qxh4 57. Kh7 Qe7 58. Kh8 Qf6 59. Kh7 Qf7 60. Kh8
h4 61. g8=Q Qxg8+ 62. Kxg8 h3 63. f4 h2 64. f5 h1=Q $19) 51... b2 52. g6 b1=Q
53. g7 Qb3 54. Kh7 Qf7 55. Kh8 Qxf3 (55... Qf6 56. Kh7 Qe7 57. Kh6 $1 $11) 56.
g8=Q Qf6+ 57. Kh7 Qxh4 58. Kh6 $11) 50. fxg4 (50. h5 g3 $1 51. h6 g2 52. h7
g1=Q+ $19) 50... b4 51. h5 b3 52. h6 b2 53. h7 b1=Q+ 54. Kg7 Qb7+ 55. Kg8 Qd5+
56. Kf8 Qe5 57. Kg8 Qg5+ 58. Kf7 Qh6 59. Kg8 Qg6+ 60. Kh8 Qf7 61. g5 Qf8#)
48... b5 (48... hxg4 49. fxg4 b5 50. h5 $11) 49. g5 $1 b4 50. Kxg6 $11 {see A1)
}) 41... Bxa4 $17 42. Nc8 (42. Kf4 $2 Bd7 $1 {[%csl Ra7,Yd7]} 43. Ke5 Kf8 44.
Kd6 Ke8 45. Nc6 Bxc6 $1 46. Kxc6 Ke7 47. Kxb6 Kd6 $1 48. Kb7 (48. g3 $143 f5
$19) 48... Ke5 49. Kc7 Kf4 50. Kd7 Kg3 51. Ke7 Kxg2 52. Kxf7 Kxf3 53. Kxg6 Kg4
$19) 42... b5 43. Ne7+ Kf8 44. Nd5 (44. Nc6 $6 Ke8 {[%cal Ge8d7]}) 44... Bb3
45. Nb4 (45. Nc7 $2 Bc4 $19 46. Na6 Ke7 47. Kf4 Kd6 $19) 45... Ke7 46. Kf4 Kd6
47. g4 $8 Bd5 $1 {[%csl Rf3]} (47... Bd1 $143 48. gxh5 gxh5 49. Ke3 Kc5 50.
Nd3+ Kd6 (50... Kc4 $4 51. Nb2+ $18) 51. Nb4 $5 $17 (51. Nf4 $2 b4 52. Nxh5 (
52. Kd4 Bxf3 $19) 52... b3 53. Nf6 b2 54. Ne4+ Ke6 55. Nc3 Bc2 $19)) 48. Ke3
Kc5 $1 49. Nd3+ Kc4 50. gxh5 gxh5 51. Nf4 $8 b4 52. Nxh5 Bxf3 $1 53. Ng3 (53.
Kxf3 b3 $2 54. Nf6 b2 55. Ne4 Kd3 56. Nc5+ Kc2 $19) (53. Nf6 b3 54. Kd2 Kb4 55.
Kc1 (55. Nd7 Be4 $1 56. Kc1 Ka3 $19) 55... Ka3 56. Kb1 b2 57. h5 Kb3 58. h6 Be2
$19 {[%csl Rb1][%cal Ge2d3]}) 53... b3 54. Nf1 (54. Kd2 Kb4 55. Nf1 Be4 56. Ke3
b2 57. Nd2 b1=Q 58. Nxb1 Bxb1 59. Kf4 f6 $1 $19) 54... b2 $1 $19 55. Nd2+ Kc3
56. Nb1+ Kc2 57. Na3+ Kb3 58. Nb1 Bh5 $1 {[%csl Rb1][%cal Gh5g6]} 59. Nd2+ Kc3
60. Nb1+ (60. Ne4+ Kb4 61. Nd2 Bg6 62. Kd4 f6 $19) 60... Kc2 61. Na3+ Kb3 62.
Nb1 Bg6 63. Nd2+ Kc3 64. Ke2 Kd4 {/\b1Q} 65. Kf3 Kd3 (65... b1=Q 66. Nxb1 Bxb1
67. Kf4 f6 $19) 66. Nb1 Kc2 {(2.29-2.25)} 0-1

[Event "EU-ch 2nd"]
[Site "Ohrid"]
[Date "2001.06.13"]
[Round "12"]
[White "Izoria, Zviad"]
[Black "Golod, Vitali"]
[Result "1/2-1/2"]
[WhiteElo "2489"]
[BlackElo "2593"]
[Annotator "Golod,V"]
[PlyCount "87"]
[EventDate "2001.06.01"]
[EventType "swiss"]
[EventRounds "13"]
[EventCountry "YUG"]
[SourceTitle "CBM 084"]
[Source "ChessBase"]
[SourceDate "2001.09.13"]
[SourceVersion "1"]
[SourceVersionDate "2001.09.13"]
[SourceQuality "1"]

1. Nf3 d5 2. d4 Nf6 3. c4 e6 4. Nc3 c5 5. cxd5 Nxd5 6. e3 Nc6 7. Bc4 $5 {
In this position usually played:} (7. Bd3 $5 {See comments to Fritz6(Computer)
-Golod,V/ISR,2000/CBM76(1/2-1/2)(Golod,V)(71)}) 7... cxd4 8. exd4 Be7 9. O-O
Nxc3 $6 {I thought that this move quite acceptable, as the white's bishop
stands on "c4", but I was not right...} (9... O-O $142 10. Re1 ({dubious:} 10.
Bxd5 exd5 $140 {in view of:} 11. Qb3 Bg4 $1 {[%csl Rd4][%cal Gg4f3,Yf3d4]} 12.
Qxb7 $140 Nb4 {[%cal Ga8b8]} 13. Ne5 Rb8 14. Qxa7 Ra8 15. Qb7 Rb8 16. Qa7 (16.
Qxb8 Qxb8 17. Nxg4 $13) 16... Ra8 $11) 10... Bf6 {and so on.}) 10. bxc3 O-O 11.
Re1 b6 12. Bd3 $1 {[%cal Yd3h7,Yd3b1] It is important to return the bishop on
this diagonal!} Bb7 13. h4 {[%mdl 640] Sample reception in this position.} Bxh4
$6 {The rather doubtful decision.Besides,black has three principales moves:} (
13... Bf6 $5 {See comments to Onischuk,A-Magem Badals,J/New York,1998/CBM64
(1-0) (Tsesarsky,I)(24)}) (13... Qd5 $5 {See comments to Anand,V-Timman,J/
Moscow,1992/CBM 33(1-0)(Anand,V)(25)}) ({and} 13... Rc8 {See comments to
Poluljahov,A-Balashov,Y/St.Petersburg,1998/CBM 67(1/2-1/2) (Tsesarsky,I)(26)})
14. Nxh4 Qxh4 15. Re3 $40 {[%mdl 128]} g6 (15... Qd8 $5 16. Qh5 g6 17. Rg3 Qd7
18. Bh6 Rfe8 19. Re1 Qc7 20. Ree3 $13 {Poluljahov,A-Volkov,S/Tomsk,2001(1-0)
(42)}) 16. Rg3 $1 {[%csl Rh4][%cal Gc1g5] In my opinion,this move is much
better,than:} (16. Rh3 Qe7 17. Qd2 f5 $13 {Holmsgaard,H-Karttunen,M/Jyvaskyla,
2000(1/2-1/2)(43)}) 16... Qe7 ({Is a possible contunuation of the play:} 16...
Qf6 17. Qg4 (17. Bg5 $143 Qg7 18. Qd2 {[%csl Rf8,Rg7,Gh6]} Rfe8 19. Bh6 Qh8 20.
Re1 Ne7 21. Re5 Qf6 22. Bg5 Qg7 23. Bh6 Qf6 24. Bg5 Qg7 25. Qf4 $44 {Berend,
F-Ekstroem,R/Bonnevoie,1998(1-0) (38)}) 17... Qg7 18. Qh4 f5 19. Bh6 Qf6 20.
Bg5 Qf7 21. Re1 Na5 22. c4 $36 {[%cal Gd4d5] Anand,V-Morrison,G/Blackpool,1988
(1-0)(47)}) 17. Bg5 $1 {It is necessary to cause progress:"f7-f6".} (17. Bh6
$143 Rfd8 (17... Rfe8 $142) 18. Qg4 f5 19. Qh3 Qf7 20. Re1 Rac8 21. Rge3 Re8
$13 {Grebennikov,S-Tolnai,T/Kecskemet,1991 (1-0)(46)}) 17... f6 18. Bh6 Rf7 (
18... Rfe8 $4 {is refuted by:} 19. Bxg6 $1 hxg6 20. Rxg6+ Kh8 $8 21. Qh5 Qh7
22. Bg7+ Kg8 23. Bxf6+ $18) 19. Qh5 {[%csl Rf7][%cal Gd3g6] The threats of
white becomes more and more unpleasant for me.} f5 $8 (19... Kh8 $4 20. Bxg6 $1
hxg6 $140 21. Bg7+ Kxg7 (21... Kg8 22. Qh8#) 22. Rxg6+ Kf8 23. Qh8#) 20. Re1
Kh8 {The unsuccessful novelty only aggravates a situation!} ({Was checked in
the previous games:} 20... Qd7 $5 21. Bc4 $1 {[%csl Gc4,Ge1,Re6,Gg3,Rg6,Gh5]} (
21. Qe2 $143 Nd8 22. Bb5 $6 Bc6 23. Bxc6 Qxc6 24. Re3 $44 {Korneev,O-Malakhov,
V/Porto San Giorgio,1997(0-1)(104)}) 21... Re8 22. Bf4 $2 (22. d5 $1 exd5 23.
Rxe8+ Qxe8 24. Bxd5 Ne5 25. Bxf7+ Kxf7 26. Qd1 Ng4 27. Bf4 $14) 22... Na5 $13 {
Relange,E-Mulder,B/FRA,1998(1-0)(34)}) 21. Qh3 {White's idea is:22.Rxg6 hxg6
23.Bg5+(ףe7)} Qd7 22. Bc4 $1 {[%csl Re6]} Re8 23. Bf4 {[%csl Re6,Rg6,Rh8]
[%cal Gg3g6] I can not protect all my weaknesses.} Kg8 24. d5 $1 {Zviad Izoria
very strongly will carry out this part of a game.} exd5 ({Much worse is:} 24...
Nd8 {in view of:} 25. Be5 $1 {[%csl Ge5,Rg8,Gh3][%cal Gg3g6]} (25. dxe6 $2 Nxe6
26. Be5 Bd5 $1 27. Rxg6+ $140 $2 (27. Rd1 $142 Ng5 $1 {[%csl Re5]} 28. Rxg5
Rxe5 29. f4 $140 (29. Qd3 $5 {[%csl Rd5]}) 29... Qa4 {[%csl Rc4,Rd1]} 30. Ra1
Qxc4 31. fxe5 Be4 $13) 27... Ng7 28. Bxd5 Qxd5 {[%csl Re5,Rg6]} 29. Rd6 $8 Qxd6
$1 30. Bxd6 Rxe1+ 31. Kh2 $15) 25... exd5 $140 26. Rxg6+ Rg7 $8 27. Rxg7+ Qxg7
28. Bxg7 Rxe1+ 29. Kh2 $16) 25. Rxe8+ Qxe8 26. Bxd5 Nd8 ({Badly:} 26... Qe1+
27. Kh2 $140 Ne5 $2 {in view of:} 28. Bxe5 $1 Bxd5 $140 29. Rxg6+ Kf8 (29...
hxg6 30. Qh8#) 30. Qh6+ Ke7 31. Qh4+ {and mat in 8 moves.}) 27. Re3 $1 $16 (27.
Bxf7+ $143 Nxf7 28. Qxf5 Qe1+ 29. Kh2 Qxf2 $14) 27... Qa4 $1 {[%csl Rf4][%cal
Ga4f4]} 28. Bxf7+ Nxf7 29. Qh4 {[%csl Rg8] White gradually approach to my king.
} Bc6 $6 ({Can be recommended:} 29... h6 $5 30. Re6 (30. Qf6 $2 Qd1+ 31. Kh2
Qh5+ 32. Rh3 Qg4 $132) 30... Qd1+ 31. Kh2 g5 32. Bxg5 Qd5 $1 {[%csl Re6,Rh2]} (
32... hxg5 $2 33. Rg6+ Kf8 34. Qb4+ Ke8 35. Re6+ Kd7 36. Qe7+ Kc8 37. Qf8+ $1
Nd8 $140 38. Rd6 $18 {[%csl Rd1,Rd8]}) (32... Nxg5 $2 33. Rg6+ Kf7 34. Qxh6 $18
) 33. Rg6+ Kh7 34. Rxh6+ Nxh6 35. Qxh6+ Kg8 36. f3 $16 {[%csl Rg8]} (36. Qg6+
$5 Kf8 $8 37. Bf4 Ke7 38. f3 $16)) ({or} 29... Bd5 $5) 30. Rh3 $1 h6 31. Qf6 $4
({Leads to easy win:} 31. Bxh6 $1 Qxh4 (31... Qd1+ 32. Kh2 Qg4 33. Qxg4 fxg4
34. Rh4 $18 g5 $140 35. Bxg5 Nxg5 36. Rxg4 {[%csl Rg5,Rg8]}) 32. Rxh4 g5 33.
Rh5 Kh7 34. Bf8+ Kg6 35. Rh3 $18) 31... Qd1+ $1 32. Kh2 Qg4 33. Qxc6 {
Differently,after:} (33. Rg3 {black can repeat the moves:} Qh5+ 34. Kg1 Qd1+
35. Kh2 Qh5+ 36. Rh3 Qg4 {and so on.}) 33... Qxf4+ 34. Rg3 Ne5 $1 {[%mdl 256]
This protective resource,my contender has underestimated.} 35. Qa8+ Kf7 36.
Qxa7+ Ke8 37. Qa8+ Kd7 $6 $138 ({As has shown the analysis after a game,it was
better:} 37... Kf7 38. Kh3 Ng4 39. Qf3 Nxf2+ 40. Kh2 Qh4+ (40... Ng4+ $143 41.
Kg1 Qc1+ 42. Qf1 {[%csl Rf7][%cal Gg3g4]} Qg5 43. Qc4+ $16) 41. Kg1 Ng4 $14)
38. Qb7+ $6 ({After:} 38. Kh3 $1 {[%csl Rd7]} g5 $8 (38... Ng4 $2 39. Rd3+ $18
{[%csl Rd7]}) 39. Qd5+ Kc8 40. Qd4 Qc1 41. Kh2 f4 $1 (41... Ng4+ $143 42. Rxg4
fxg4 43. Qxg4+ $16) 42. Qxe5 fxg3+ 43. Kxg3 {white has a pawn up in the queens
endgame.}) 38... Ke8 39. Qc8+ Ke7 40. Qc7+ Ke8 41. Qb8+ Kd7 42. Qb7+ Ke8 43.
Qa8+ Kd7 $6 (43... Kf7 $142 {see- 37...Kf7}) 44. Qb7+ $138 (44. Kh3 $1 {
see- 38.Kh3}) 1/2-1/2

[Event "EU-Cup 20th"]
[Site "Izmir"]
[Date "2004.10.07"]
[Round "5.6"]
[White "Kozul, Zdenko"]
[Black "Golod, Vitali"]
[Result "0-1"]
[WhiteElo "2640"]
[BlackElo "2554"]
[Annotator "Golod,V"]
[PlyCount "70"]
[EventDate "2004.10.03"]
[EventType "team-swiss"]
[EventRounds "7"]
[EventCountry "TUR"]
[SourceTitle "CBM 104"]
[Source "ChessBase"]
[SourceDate "2005.01.27"]
[SourceVersion "1"]
[SourceVersionDate "2005.01.27"]
[SourceQuality "1"]
[WhiteTeam "Sarajevo Bosna"]
[BlackTeam "Beer Sheva"]
[WhiteTeamCountry "BIH"]
[BlackTeamCountry "ISR"]

1. d4 d5 2. c4 e6 3. Nc3 (3. Nf3 Nf6 4. g3 Bb4+ {and so on.}) 3... Nf6 4. cxd5
Nxd5 5. e4 Nxc3 6. bxc3 c5 7. Nf3 cxd4 8. cxd4 Bb4+ 9. Bd2 Bxd2+ 10. Qxd2 O-O
11. Rd1 {Very interestingly,that in our match,there was a same position in a
game: Bologan,V-Roiz,M. This game was continued as follows:} (11. Bc4 {(it's
main line in this position.)} Nc6 12. O-O b6 13. Rfd1 $5 ({Recently,in my
practice,was checked up another continuation:} 13. Rad1 $5 {You can see my
annotations to Zaichik,G-Golod,V/Philadelphia,2004/CBM 102(0-1)(73)}) 13... Na5
14. Bd3 Bb7 15. Qf4 Qf6 16. Qxf6 gxf6 17. Rac1 $14 {and so on.}) 11... b6 (
11... Nc6 {was tested in the following fantastic game: Azmaiparashvili,
Z-Jussupow,A/Groningen,1994/CBM 45(0-1)(Ftacnik,L)(26)}) 12. h4 {Novelty,from
the point of view of my games.My contender was adjusted rather aggressively on
this game.Before with me were tested:} (12. Bd3 $143 Nc6 13. Bb1 Ba6 {/^a6-f1}
14. e5 $2 Qd5 15. Ng5 h6 16. Bh7+ Kh8 17. Be4 Qb5 $17 {Rabinovich,A-Golod,V/
Tel Aviv,2001(0-1)(22)}) (12. Bb5 $5 {You can see comments to Bykhovsky,
A-Golod,V/Tel Aviv,1995/CBM 50(0-1)(Ftacnik,L)(31)}) ({and} 12. Bc4 Bb7 13. d5
exd5 14. Bxd5 Bxd5 15. Qxd5 Qxd5 16. Rxd5 Na6 $11 {Tregubov,P-Golod,V/
playchess.com INT,2004(1/2-1/2)(40)}) 12... Bb7 {Besides Black has two main
alternatives:} (12... Ba6 $6 13. Bxa6 Nxa6 14. Qd3 Nb4 15. Qb1 Qe7 16. O-O h6
17. d5 $14 {Aleksandrov,A-Akhmadeev,V/Kstovo,1994(0-1)(35)}) ({and} 12... Qe7
$5 {Tsesarsky,I: "Good novelty! Black waits for the Bf1 movement." You can see
annotations to game: Gurevich,M-Magem Badals,J/Escaldes,1998/CBM 68(1/2-1/2)
(Gurevich,M)(29)}) 13. Bd3 ({Also once were checked in the preceding game:} 13.
Qf4 $6) 13... Nc6 {קd4} 14. Bb1 Ba6 {'N!' /^a6-f1 I was happy finding this
idea. With Ba6 Black both prevents castle in the short party and prepares
Qe7-b4 with the attack of the "e1"-square in order to create objects of attack
on the Q-side. Two previous attempts could not equalize a position.For further
information,you can see annotations to games:} (14... Qe7 $5 {Nogueiras,
J-Zilberman,Y/Havana,1998/CBM 65(1/2-1/2)(Tsesarsky,I)(33)}) ({and} 14... Qd6 {
Kramnik,V-Van der Sterren,P/Wijk aan Zee,1998/CBM 63(1-0)(Khalifman)(32)}) 15.
e5 {'!' White wants to develop the attack on the my king,all their pieces are
located ideally for it.} Qe7 (15... Qd5 $5 {You can see my annotations to game:
Siebrecht,S-Golod,V/Bad Wiessee,2004/CBM 104(1/2-1/2)(39)}) 16. h5 {'?' /\h6
By this move White not only lose a some chances to receive an advantage,but
also can not keep an equality.} ({I fairly was afraid of the following idea:} 
16. Qc2 $1 {[%csl Rc6,Rh7]} Qb4+ 17. Nd2 (17. Rd2 $6 g6 18. h5 Rac8 $36) 17...
Rfc8 $8 18. Qxh7+ Kf8 19. Qh8+ Ke7 20. Qxg7 Nxd4 (20... Qxd4 $2 21. Qg5+ Kf8
22. Nf3 Qb4+ 23. Qd2 $16) 21. Be4 Nc2+ 22. Bxc2 Rxc2 $44) 16... h6 (16... Qb4
$6 17. h6 $132) 17. Rh4 ({Now,already precisely,leads to favourable
complications for Black:} 17. Qc2 Qb4+ 18. Nd2 (18. Rd2 Rfc8 $36) 18... Rfc8
19. Qh7+ Kf8 20. Qh8+ Ke7 21. Qxg7 Qb5 $1 22. Qg4 $140 Nxd4 $36) 17... Rfd8 {
'!?'} 18. Qc2 {Now this idea is much worse, than on the 16-th move.} Qb4+ 19.
Rd2 (19. Nd2 $2 Qb5 {עe1,Pd4}) 19... Kf8 {'=/+!' An important preventive move.
} ({It was wrong to play immediately:} 19... Rac8 $4 {because of:} 20. d5 Qb5
21. Qh7+ Kf8 22. Bd3 $1 $18) 20. Qh7 ({Now} 20. d5 $2 {is refuted:} Qb5 {
[%csl Rd5,Re1][%cal Gb5f1]}) 20... Rac8 {I have created the following threat:
21...Nxd4 (or 21...Nxe5) and 22...Rc1#} (20... Qc4 $5 21. Bd3 Qc1+ 22. Ke2
Bxd3+ 23. Qxd3 (23. Rxd3 $2 Qc2+ {/\Nb4 ףh7,Rd3}) 23... Rac8 $15) 21. Bd3 (21.
a3 $2 Qxa3 {/\22...Qc1+ 23.Rd1 Qc3+} (21... Qc4 $5)) (21. d5 $2 Nd4 $1 {/\Rc1#}
) 21... Bxd3 {'!' The most logical decision.} ({During the game I considered,
but could not calculate up to the end:} 21... Nxd4 $5 22. Nxd4 Rxd4 23. Rxd4
Qxd4 24. Bxa6 Qxe5+ $1 (24... Rc1+ $143 25. Ke2 Qxe5+ 26. Kf3 $8 (26. Kd3 $4
Rc3#) 26... Qxh5+ (26... Rc3+ $6 27. Rd3 (27. Bd3 $2 f5 {[%csl Rd3][%cal Ge5e4]
}) 27... Qxh5+ 28. Kg3 $13) 27. Ke3 Re1+ 28. Be2 Qg5+ 29. Kd3 $15) 25. Kd1 $8 (
25. Be2 $2 Rc1+ 26. Rd1 Qc3+ 27. Kf1 Qd2 $19) (25. Re2 $4 Rc1+ 26. Kd2 Qc3#)
25... Qxh5+ 26. Re2 (26. f3 Qh1+ 27. Ke2 Qxg2+ 28. Ke3 Rc3+ $17) 26... Qh1+ 27.
Re1 Rc1+ 28. Kxc1 Qxe1+ $17) 22. Qxd3 Qa5 {Black already has a clear
positional advantage (the best pawns structure and weak point "d5").} 23. Kf1 (
23. Qh7 Nb4 $40) 23... Nb4 24. Qb1 ({Unexpectedly at once loses a game:} 24.
Qh7 $2 {in view of:} Rc1+ 25. Ne1 (25. Ke2 Qa6+ 26. Ke3 Nd5+) 25... Qb5+ 26.
Kg1 (26. Re2 Nd3 $19) 26... Rxe1+ 27. Kh2 Rxe5 $1 $19) 24... Rc3 25. Kg1 Qa3
26. Kh2 Kg8 {'!' Prophylaxis.I brings my K to a safer place and at the same
time protects the K-side which would be hanging after "Qh7".} 27. Rh3 Nd5 {
'-/+' The rest is simple as White can hardly move.} 28. Rc2 Rdc8 29. Rxc3 Qxc3
30. Qe4 (30. Ng5 $2 Qc2 31. Qxc2 Rxc2 32. Ne4 Rxa2 $19) 30... Qc1 {/\Qf4} 31.
Nh4 {My opponent was already short on time.} Qg5 32. g3 {'?'} ({Black also
breaks defense after more stubborn:} 32. Nf3 Qf4+ 33. Qxf4 Nxf4 34. Rh4 Nd5 {
/\Rc2}) 32... Qd2 33. Qf3 Rc2 {'-+'} 34. Kg1 Qe1+ 35. Kg2 Ne3+ {My victory has
not helped our team and we in a result devastatingly have lost this match: 1,5:
4,5.} 0-1